[Event "Masters Tournament (MTO)"]
[Site "Biel, CH"]
[Date "2025.07.15"]
[Round "2"]
[White "Trubini, Timon"]
[Black "Artan, Tamir"]
[Result "0-1"]
[Board "49"]
[WhiteFideId "1347799"]
[BlackFideId "1346865"]
[WhiteElo "1922"]
[BlackElo "2054"]
[WhiteTeam "SUI"]
[BlackTeam "SUI"]
[WhiteClock "0:10:42"]
[BlackClock "0:34:13"]
[Variant "Standard"]

1. e4 {[%clk 1:40:48]}  e5 {[%clk 1:40:25]} 2. Nf3 {[%clk 1:41:14]}  Nc6 {[%clk 1:40:51]} 3. Bc4 {[%clk 1:41:40]}  Bc5 {[%clk 1:41:16]} 4. c3 {[%clk 1:42:07]}  Nf6 {[%clk 1:41:40]} 5. d3 {[%clk 1:42:33]}  d6 {[%clk 1:42:03]} 6. O-O {[%clk 1:42:58]}  a6 {[%clk 1:42:30]} 7. a4 {[%clk 1:43:24]}  Ba7 {[%clk 1:42:56]} 8. Re1 {[%clk 1:43:15]}  h6 {[%clk 1:38:34]} 9. Nbd2 {[%clk 1:41:15]}  O-O {[%clk 1:32:42]} 10. h3 {[%clk 1:41:40]}  Be6 {[%clk 1:32:36]} 11. Bxe6 {[%clk 1:42:05]}  fxe6 {[%clk 1:33:01]} 12. b4 {[%clk 1:42:23]}  Nh5 {[%clk 1:22:51]} 13. Nf1 {[%clk 1:42:30]}  Qf6 {[%clk 1:21:46]} 14. Ra2 {[%clk 1:42:54]}  Nf4 {[%clk 1:10:06]} 15. Bxf4 {[%clk 1:37:44]}  Qxf4 {[%clk 1:05:37]} 16. Qb3 {[%clk 1:37:13]}  Qf7 {[%clk 1:04:21]} 17. a5 {[%clk 1:33:11]}  Ne7 {[%clk 1:02:34]} 18. N1h2 {[%clk 1:22:43]}  Ng6 {[%clk 1:01:35]} 19. g3 {[%clk 1:22:17]}  c6 {[%clk 1:01:20]} 20. Kg2 {[%clk 1:20:21]}  Rad8 {[%clk 0:53:39]} 21. h4 {[%clk 1:13:57]}  Qf6 {[%clk 0:42:38]} 22. Qd1 {[%clk 1:06:43]}  Rfe8 {[%clk 0:39:03]} 23. Ng4 {[%clk 1:03:13]}  Qf7 {[%clk 0:38:53]} 24. h5 {[%clk 0:40:29]}  Nf8 {[%clk 0:37:47]} 25. Nh4 {[%clk 0:33:46]}  Nd7 {[%clk 0:33:05]} 26. Ng6 {[%clk 0:30:28]}  Nf6 {[%clk 0:31:51]} 27. Rd2 {[%clk 0:23:22]}  Bb8 {[%clk 0:29:10]} 28. Nh2 {[%clk 0:16:59]}  Kh7 {[%clk 0:27:21]} 29. g4 {[%clk 0:16:50]}  d5 {[%clk 0:21:50]} 30. f3 {[%clk 0:16:15]}  Kg8 {[%clk 0:19:55]} 31. c4 {[%clk 0:11:09]}  Nh7 {[%clk 0:18:17]} 32. c5 {[%clk 0:10:14]}  Nf8 {[%clk 0:18:09]} 33. Nh4 {[%clk 0:10:03]}  Qf6 {[%clk 0:17:37]} 34. Kh3 {[%clk 0:08:22]}  Nh7 {[%clk 0:16:38]} 35. Ng6 {[%clk 0:05:45]}  Rd7 {[%clk 0:16:06]} 36. Rf1 {[%clk 0:03:44]}  Nf8 {[%clk 0:15:02]} 37. Nh4 {[%clk 0:01:45]}  Nh7 {[%clk 0:13:45]} 38. Ng6 {[%clk 0:06:06]}  Bc7 {[%clk 0:13:56]} 39. Qe2 {[%clk 0:02:25]}  Nf8 {[%clk 0:13:40]} 40. Nh4 {[%clk 0:02:25]}  Bd8 {[%clk 0:13:19]} 41. Ng2 {[%clk 0:01:23]}  Nh7 {[%clk 0:10:38]} 42. f4 {[%clk 0:27:09]}  exf4 {[%clk 0:40:30]} 43. Nxf4 {[%clk 0:26:37]}  dxe4 {[%clk 0:38:23]} 44. dxe4 {[%clk 0:19:07]}  Rxd2 {[%clk 0:38:44]} 45. Qxd2 {[%clk 0:19:32]}  Ng5+ {[%clk 0:37:20]} 46. Kg2 {[%clk 0:19:54]}  Qe5 {[%clk 0:35:17]} 47. Nf3 {[%clk 0:11:37]}  Qxe4 {[%clk 0:34:34]} 48. Ng6 {[%clk 0:12:13]}  Qxg4+ {[%clk 0:34:41]} 49. Kh1 {[%clk 0:10:42]}  Nxf3 {[%clk 0:34:13]} 0-1

[Event "Masters Tournament (MTO)"]
[Site "Biel, CH"]
[Date "2025.07.15"]
[Round "2"]
[White "Paul, Mathias"]
[Black "Kumbharathi, Vedansh"]
[Result "1/2-1/2"]
[Board "50"]
[WhiteFideId "24694606"]
[BlackFideId "30998395"]
[WhiteElo "2051"]
[BlackElo "1931"]
[WhiteTeam "GER"]
[BlackTeam "USA"]
[WhiteClock "0:11:52"]
[BlackClock "0:44:46"]
[Variant "Standard"]

1. e4 {[%clk 1:40:58]}  c5 {[%clk 1:40:43]} 2. Nf3 {[%clk 1:41:16]}  d6 {[%clk 1:41:07]} 3. g3 {[%clk 1:41:34]}  Nf6 {[%clk 1:41:07]} 4. d3 {[%clk 1:41:55]}  g6 {[%clk 1:41:13]} 5. Bg2 {[%clk 1:42:13]}  Bg7 {[%clk 1:41:31]} 6. O-O {[%clk 1:42:18]}  O-O {[%clk 1:41:57]} 7. c3 {[%clk 1:42:23]}  Nc6 {[%clk 1:40:26]} 8. Re1 {[%clk 1:41:20]}  Rb8 {[%clk 1:39:09]} 9. a4 {[%clk 1:30:32]}  a6 {[%clk 1:38:46]} 10. Nbd2 {[%clk 1:26:57]}  b5 {[%clk 1:36:24]} 11. axb5 {[%clk 1:26:16]}  axb5 {[%clk 1:36:31]} 12. Qc2 {[%clk 1:21:49]}  Bb7 {[%clk 1:33:32]} 13. Nf1 {[%clk 1:15:50]}  Qb6 {[%clk 1:27:57]} 14. Ne3 {[%clk 1:07:42]}  e6 {[%clk 1:25:46]} 15. Nh4 {[%clk 1:02:31]}  Rfd8 {[%clk 1:20:58]} 16. f4 {[%clk 0:56:13]}  d5 {[%clk 1:19:29]} 17. e5 {[%clk 0:54:14]}  Ne8 {[%clk 1:17:58]} 18. Nf3 {[%clk 0:52:13]}  d4 {[%clk 1:16:06]} 19. Ng4 {[%clk 0:51:24]}  Rbc8 {[%clk 1:07:25]} 20. Nf2 {[%clk 0:39:41]}  Ne7 {[%clk 1:02:50]} 21. c4 {[%clk 0:31:52]}  Ra8 {[%clk 0:57:55]} 22. Bd2 {[%clk 0:27:38]}  bxc4 {[%clk 0:53:18]} 23. dxc4 {[%clk 0:27:05]}  Nc6 {[%clk 0:51:52]} 24. Nd3 {[%clk 0:22:48]}  Nc7 {[%clk 0:50:48]} 25. Reb1 {[%clk 0:16:29]}  Na6 {[%clk 0:44:46]} 26. Qd1 {[%clk 0:11:52]} 1/2-1/2

[Event "Masters Tournament (MTO)"]
[Site "Biel, CH"]
[Date "2025.07.15"]
[Round "2"]
[White "Hoffmann, Achim Gunter"]
[Black "Jelicic, Hugo"]
[Result "1-0"]
[Board "51"]
[WhiteFideId "3203840"]
[BlackFideId "1349040"]
[WhiteElo "2045"]
[BlackElo "1908"]
[WhiteTeam "AUS"]
[BlackTeam "SUI"]
[WhiteClock "0:42:37"]
[BlackClock "0:01:10"]
[Variant "Standard"]

1. e4 {[%clk 1:40:39]}  c6 {[%clk 1:39:33]} 2. d4 {[%clk 1:40:57]}  d5 {[%clk 1:39:58]} 3. Nc3 {[%clk 1:41:21]}  g6 {[%clk 1:40:13]} 4. e5 {[%clk 1:41:19]}  Bg7 {[%clk 1:40:30]} 5. f4 {[%clk 1:40:59]}  h5 {[%clk 1:40:48]} 6. Nf3 {[%clk 1:38:01]}  Nh6 {[%clk 1:39:27]} 7. Be3 {[%clk 1:36:12]}  Bf5 {[%clk 1:35:27]} 8. Nh4 {[%clk 1:28:58]}  Bg4 {[%clk 1:29:07]} 9. Qd2 {[%clk 1:27:57]}  e6 {[%clk 1:18:27]} 10. Bf2 {[%clk 1:26:06]}  Nf5 {[%clk 1:15:25]} 11. Nxg6 {[%clk 1:19:46]}  fxg6 {[%clk 1:08:11]} 12. h3 {[%clk 1:18:59]}  Nh6 {[%clk 0:57:15]} 13. hxg4 {[%clk 1:18:49]}  Nxg4 {[%clk 0:57:36]} 14. Bh4 {[%clk 1:14:25]}  Qc7 {[%clk 0:53:14]} 15. Bd3 {[%clk 1:09:45]}  Qf7 {[%clk 0:52:41]} 16. O-O-O {[%clk 1:08:19]}  Nd7 {[%clk 0:40:03]} 17. Rdf1 {[%clk 1:03:48]}  a6 {[%clk 0:33:55]} 18. Nd1 {[%clk 1:00:47]}  Bf8 {[%clk 0:16:28]} 19. Nf2 {[%clk 0:51:30]}  Nxf2 {[%clk 0:14:05]} 20. Qxf2 {[%clk 0:51:56]}  Nb6 {[%clk 0:08:41]} 21. Rh3 {[%clk 0:50:15]}  Kd7 {[%clk 0:08:53]} 22. c3 {[%clk 0:47:57]}  Nc8 {[%clk 0:08:38]} 23. Rg3 {[%clk 0:47:46]}  Rg8 {[%clk 0:07:12]} 24. Qc2 {[%clk 0:46:37]}  Be7 {[%clk 0:07:25]} 25. Bxg6 {[%clk 0:43:25]}  Rxg6 {[%clk 0:06:25]} 26. Rxg6 {[%clk 0:43:52]}  Bxh4 {[%clk 0:06:01]} 27. f5 {[%clk 0:44:01]}  Kc7 {[%clk 0:03:00]} 28. f6 {[%clk 0:44:09]}  Kb6 {[%clk 0:02:45]} 29. Qb3+ {[%clk 0:43:47]}  Ka7 {[%clk 0:02:03]} 30. Rg7 {[%clk 0:44:06]}  Qxg7 {[%clk 0:02:13]} 31. fxg7 {[%clk 0:44:34]}  Ne7 {[%clk 0:02:19]} 32. Rf7 {[%clk 0:43:06]}  Bg5+ {[%clk 0:02:28]} 33. Kb1 {[%clk 0:43:28]}  Rb8 {[%clk 0:02:05]} 34. Qb4 {[%clk 0:42:30]}  Ng8 {[%clk 0:01:16]} 35. Qc5+ {[%clk 0:42:13]}  Ka8 {[%clk 0:01:42]} 36. Rf8 {[%clk 0:42:24]}  Be7 {[%clk 0:01:10]} 37. Rxg8 {[%clk 0:42:37]} 1-0

[Event "Masters Tournament (MTO)"]
[Site "Biel, CH"]
[Date "2025.07.15"]
[Round "2"]
[White "Hornung, Hans, Dr."]
[Black "Kwiatkowski, Jakub"]
[Result "0-1"]
[Board "52"]
[WhiteFideId "4615140"]
[BlackFideId "1348736"]
[WhiteElo "1905"]
[BlackElo "2034"]
[WhiteTeam "GER"]
[BlackTeam "SUI"]
[WhiteClock "0:23:48"]
[BlackClock "0:38:04"]
[Variant "Standard"]

1. d4 {[%clk 1:40:56]}  Nf6 {[%clk 1:40:39]} 2. c4 {[%clk 1:41:14]}  e6 {[%clk 1:41:03]} 3. Nf3 {[%clk 1:41:38]}  d5 {[%clk 1:41:22]} 4. Nc3 {[%clk 1:41:58]}  Be7 {[%clk 1:41:34]} 5. Bg5 {[%clk 1:42:13]}  h6 {[%clk 1:41:36]} 6. Bxf6 {[%clk 1:41:58]}  Bxf6 {[%clk 1:41:58]} 7. e3 {[%clk 1:42:23]}  O-O {[%clk 1:42:11]} 8. Rc1 {[%clk 1:42:48]}  c6 {[%clk 1:41:29]} 9. h4 {[%clk 1:43:06]}  dxc4 {[%clk 1:22:37]} 10. Qc2 {[%clk 1:26:14]}  Re8 {[%clk 1:15:25]} 11. g4 {[%clk 1:23:39]}  e5 {[%clk 1:15:31]} 12. g5 {[%clk 1:15:49]}  exd4 {[%clk 1:15:29]} 13. Ne4 {[%clk 0:51:06]}  Qa5+ {[%clk 1:14:15]} 14. Ned2 {[%clk 0:39:33]}  dxe3 {[%clk 0:57:59]} 15. fxe3 {[%clk 0:39:38]}  Bf5 {[%clk 0:50:27]} 16. Qxc4 {[%clk 0:37:50]}  Bxb2 {[%clk 0:50:43]} 17. Rd1 {[%clk 0:36:23]}  Qb6 {[%clk 0:49:27]} 18. Be2 {[%clk 0:32:50]}  Qxe3 {[%clk 0:49:14]} 19. Rh2 {[%clk 0:26:33]}  b5 {[%clk 0:42:04]} 20. Qb3 {[%clk 0:26:20]}  Bc3 {[%clk 0:42:26]} 21. Kf1 {[%clk 0:25:13]}  Na6 {[%clk 0:37:45]} 22. Nb1 {[%clk 0:24:55]}  Bh3+ {[%clk 0:37:57]} 23. Rg2 {[%clk 0:23:48]}  Qxe2+ {[%clk 0:38:04]} 0-1

[Event "Masters Tournament (MTO)"]
[Site "Biel, CH"]
[Date "2025.07.15"]
[Round "2"]
[White "Papaux, Jeremie"]
[Black "Gao, Kai"]
[Result "0-1"]
[Board "53"]
[WhiteFideId "1340867"]
[BlackFideId "8607770"]
[WhiteElo "2020"]
[BlackElo "1906"]
[WhiteTeam "SUI"]
[BlackTeam "CHN"]
[WhiteClock "0:00:55"]
[BlackClock "0:00:45"]
[Variant "Standard"]

1. c4 {[%clk 1:40:57]}  Nf6 {[%clk 1:38:18]} 2. Nc3 {[%clk 1:41:05]}  e6 {[%clk 1:38:36]} 3. d4 {[%clk 1:41:25]}  Bb4 {[%clk 1:38:54]} 4. e3 {[%clk 1:41:48]}  O-O {[%clk 1:39:12]} 5. Bd2 {[%clk 1:42:07]}  b6 {[%clk 1:38:18]} 6. Nf3 {[%clk 1:42:17]}  Bb7 {[%clk 1:38:24]} 7. Bd3 {[%clk 1:40:32]}  d6 {[%clk 1:37:10]} 8. O-O {[%clk 1:38:54]}  Nbd7 {[%clk 1:33:43]} 9. a3 {[%clk 1:29:59]}  Bxc3 {[%clk 1:33:13]} 10. Bxc3 {[%clk 1:30:18]}  Ne4 {[%clk 1:32:34]} 11. Bxe4 {[%clk 1:22:59]}  Bxe4 {[%clk 1:32:34]} 12. d5 {[%clk 1:19:57]}  e5 {[%clk 1:06:30]} 13. Nd2 {[%clk 1:17:52]}  Bg6 {[%clk 1:05:11]} 14. f4 {[%clk 1:12:31]}  f5 {[%clk 1:00:09]} 15. Qe1 {[%clk 1:06:17]}  Bh5 {[%clk 0:53:45]} 16. Qg3 {[%clk 1:04:40]}  Qe7 {[%clk 0:52:07]} 17. Rae1 {[%clk 1:03:52]}  Rae8 {[%clk 0:49:41]} 18. b4 {[%clk 0:50:36]}  a6 {[%clk 0:35:56]} 19. a4 {[%clk 0:50:12]}  Qf7 {[%clk 0:32:37]} 20. e4 {[%clk 0:44:28]}  b5 {[%clk 0:22:26]} 21. cxb5 {[%clk 0:40:15]}  axb5 {[%clk 0:22:47]} 22. a5 {[%clk 0:39:47]}  fxe4 {[%clk 0:18:38]} 23. fxe5 {[%clk 0:38:33]}  Qxd5 {[%clk 0:18:57]} 24. e6 {[%clk 0:37:09]}  Ne5 {[%clk 0:19:10]} 25. Rxf8+ {[%clk 0:29:23]}  Rxf8 {[%clk 0:16:36]} 26. e7 {[%clk 0:26:54]}  Re8 {[%clk 0:16:32]} 27. Nxe4 {[%clk 0:23:57]}  Bg6 {[%clk 0:15:09]} 28. Bxe5 {[%clk 0:15:14]}  dxe5 {[%clk 0:09:25]} 29. Nc5 {[%clk 0:10:44]}  Qd4+ {[%clk 0:06:14]} 30. Qe3 {[%clk 0:09:07]}  Qxb4 {[%clk 0:06:27]} 31. Qxe5 {[%clk 0:07:48]}  Qxa5 {[%clk 0:06:35]} 32. Rf1 {[%clk 0:05:44]}  h6 {[%clk 0:01:47]} 33. h3 {[%clk 0:03:25]}  Qb6 {[%clk 0:01:04]} 34. Qd5+ {[%clk 0:02:06]}  Kh7 {[%clk 0:01:08]} 35. Rf8 {[%clk 0:02:11]}  h5 {[%clk 0:01:23]} 36. Kh1 {[%clk 0:01:35]}  Rxe7 {[%clk 0:01:19]} 37. Qg8+ {[%clk 0:01:03]}  Kh6 {[%clk 0:01:42]} 38. Qh8+ {[%clk 0:00:52]}  Kg5 {[%clk 0:01:01]} 39. h4+ {[%clk 0:00:51]}  Kxh4 {[%clk 0:00:56]} 40. Rf4+ {[%clk 0:00:55]}  Kg5 {[%clk 0:00:45]} 0-1

[Event "Masters Tournament (MTO)"]
[Site "Biel, CH"]
[Date "2025.07.15"]
[Round "2"]
[White "Glasschroeder, Maximilian"]
[Black "Stefan, Iulia-Cristiana"]
[Result "0-1"]
[Board "54"]
[WhiteFideId "34652590"]
[BlackFideId "1273876"]
[BlackTitle "WCM"]
[WhiteElo "1886"]
[BlackElo "2017"]
[WhiteTeam "GER"]
[BlackTeam "ROU"]
[WhiteClock "0:26:02"]
[BlackClock "0:06:30"]
[Variant "Standard"]

1. e4 {[%clk 1:40:54]}  e5 {[%clk 1:40:55]} 2. Nf3 {[%clk 1:41:17]}  Nc6 {[%clk 1:41:21]} 3. d4 {[%clk 1:41:34]}  exd4 {[%clk 1:41:46]} 4. Nxd4 {[%clk 1:41:55]}  Bb4+ {[%clk 1:42:08]} 5. c3 {[%clk 1:42:03]}  Bc5 {[%clk 1:42:34]} 6. Be3 {[%clk 1:41:48]}  Bb6 {[%clk 1:42:59]} 7. Nf5 {[%clk 1:41:23]}  d6 {[%clk 1:43:07]} 8. Nxg7+ {[%clk 1:35:50]}  Kf8 {[%clk 1:42:43]} 9. Bxb6 {[%clk 1:35:21]}  axb6 {[%clk 1:43:07]} 10. Nh5 {[%clk 1:32:34]}  Nf6 {[%clk 1:43:31]} 11. Nxf6 {[%clk 1:23:16]}  Qxf6 {[%clk 1:43:23]} 12. Qd2 {[%clk 1:21:26]}  Be6 {[%clk 1:36:05]} 13. Na3 {[%clk 1:08:03]}  Qh4 {[%clk 0:49:17]} 14. Qc2 {[%clk 0:52:09]}  d5 {[%clk 0:39:14]} 15. Nb5 {[%clk 0:39:18]}  Rc8 {[%clk 0:25:04]} 16. Bd3 {[%clk 0:37:18]}  dxe4 {[%clk 0:11:08]} 17. Bxe4 {[%clk 0:37:16]}  Bc4 {[%clk 0:11:14]} 18. Na3 {[%clk 0:33:23]}  Re8 {[%clk 0:10:19]} 19. Nxc4 {[%clk 0:32:33]}  Rxe4+ {[%clk 0:10:40]} 20. Ne3 {[%clk 0:32:49]}  Rxe3+ {[%clk 0:10:55]} 21. Kd1 {[%clk 0:27:59]}  Re8 {[%clk 0:08:42]} 22. Qf5 {[%clk 0:26:02]}  Rg8 {[%clk 0:06:30]} 0-1

[Event "Masters Tournament (MTO)"]
[Site "Biel, CH"]
[Date "2025.07.15"]
[Round "2"]
[White "Latorre, Vincent"]
[Black "Marcenaro, Alessandro"]
[Result "1-0"]
[Board "55"]
[WhiteFideId "2636891"]
[BlackFideId "28554094"]
[WhiteTitle "FM"]
[WhiteElo "2326"]
[BlackElo "2160"]
[WhiteTeam "CAN"]
[BlackTeam "ITA"]
[WhiteClock "0:09:06"]
[BlackClock "0:01:17"]
[Variant "Standard"]

1. e4 {[%clk 1:40:56]}  e6 {[%clk 1:40:41]} 2. d4 {[%clk 1:40:47]}  d5 {[%clk 1:40:56]} 3. Nc3 {[%clk 1:39:16]}  Nf6 {[%clk 1:40:50]} 4. e5 {[%clk 1:40:01]}  Nfd7 {[%clk 1:41:01]} 5. Nce2 {[%clk 1:39:08]}  c5 {[%clk 1:41:09]} 6. c3 {[%clk 1:39:16]}  cxd4 {[%clk 1:40:50]} 7. cxd4 {[%clk 1:39:25]}  f6 {[%clk 1:40:39]} 8. f4 {[%clk 1:27:16]}  fxe5 {[%clk 1:40:14]} 9. fxe5 {[%clk 1:27:21]}  Qh4+ {[%clk 1:40:12]} 10. Ng3 {[%clk 1:26:49]}  Bb4+ {[%clk 1:40:25]} 11. Kf2 {[%clk 1:25:55]}  O-O+ {[%clk 1:39:51]} 12. Nf3 {[%clk 1:25:34]}  Nc6 {[%clk 1:39:50]} 13. Be3 {[%clk 1:16:25]}  Ba5 {[%clk 1:38:50]} 14. Kg1 {[%clk 1:09:47]}  Rxf3 {[%clk 1:38:53]} 15. gxf3 {[%clk 1:09:40]}  Bb6 {[%clk 1:39:11]} 16. f4 {[%clk 1:08:36]}  g5 {[%clk 1:39:21]} 17. Qh5 {[%clk 0:58:06]}  Qxh5 {[%clk 1:38:56]} 18. Nxh5 {[%clk 0:58:25]}  gxf4 {[%clk 1:34:13]} 19. Nxf4 {[%clk 0:56:21]}  Ndxe5 {[%clk 1:30:41]} 20. Be2 {[%clk 0:45:05]}  Ng6 {[%clk 1:20:58]} 21. Nxg6 {[%clk 0:37:00]}  hxg6 {[%clk 1:21:11]} 22. Kf2 {[%clk 0:36:12]}  e5 {[%clk 1:13:45]} 23. dxe5 {[%clk 0:36:20]}  d4 {[%clk 0:49:54]} 24. Bc4+ {[%clk 0:35:29]}  Kg7 {[%clk 0:49:56]} 25. Bf4 {[%clk 0:34:52]}  Bf5 {[%clk 0:48:38]} 26. Rhe1 {[%clk 0:34:11]}  d3+ {[%clk 0:47:27]} 27. Kg3 {[%clk 0:24:18]}  Nd4 {[%clk 0:36:48]} 28. Rad1 {[%clk 0:22:48]}  Nc2 {[%clk 0:19:29]} 29. Rf1 {[%clk 0:20:35]}  Rd8 {[%clk 0:15:47]} 30. e6 {[%clk 0:18:49]}  Kf6 {[%clk 0:08:34]} 31. e7 {[%clk 0:16:21]}  Rh8 {[%clk 0:08:51]} 32. Bxd3 {[%clk 0:15:02]}  Nd4 {[%clk 0:01:42]} 33. Rfe1 {[%clk 0:09:10]}  Rh3+ {[%clk 0:01:17]} 34. Kg2 {[%clk 0:09:06]} 1-0